000 00860pam a2200253 a 4500
001 013174679
003 Uk
005 20161120140845.0
008 050317s2005 njua b 001 0 eng
020 _a9780471601463 (cased)
020 _a0471601462 (cased) :
020 _a9780471601463
082 0 0 _a620.11297
_222
_bNEG
245 0 0 _aNegative-refraction metamaterials :
_bfundamental properties and applications /
_cedited by G.V. Eleftheriades, K.G. Balmain.
260 _aNew York ;
_aChichester :
_bWiley,
_c2005.
300 _axv, 418 p. :
_bill. ;
_c24 cm.
504 _aIncludes bibliographical references and index.
650 0 _aElectromagnetism.
_933189
653 _bEle
_cMay2013
650 0 _96453
_aMagnetic materials
700 1 _aEleftheriades, G. V.
_q(George V.)
_933190
700 1 _aBalmain, K. G.
_q(Keith G.)
_933191
942 _2ddc
_cBB
999 _c17464
_d17436